[Event "2. Bundesliga West 2019/20"]
[Site "Jenbach"]
[Date "2019.10.05"]
[Round "2"]
[Board "2"]
[White "Lehner, Oliver"]
[Black "Seresin, Francesco"]
[Result "1-0"]
[WhiteElo "2412"]
[BlackElo "2362"]
[PlyCount "143"]
[EventDate "2019.10.04"]
[EventType "team"]
[EventRounds "11"]
[EventCountry "AUT"]
[WhiteTeam "Absam"]
[BlackTeam "Kufstein/Woergl"]

1. Nf3 d5 2. c4 e6 3. d4 Nf6 4. e3 c6 5. Bd3 Nbd7 6. O-O dxc4 7. Bxc4 b5 8. Be2
Bb7 9. a4 a6 10. Nbd2 Bd6 11. e4 e5 12. dxe5 Nxe5 13. Nxe5 Bxe5 14. f4 Bd4+ 15.
Kh1 O-O 16. e5 Nd5 17. Ne4 c5 18. Nd6 Qb6 19. Nxb7 Qxb7 20. Ra3 Rad8 21. Rh3
Qb6 22. axb5 axb5 23. Qd3 g6 24. Qxb5 Qxb5 25. Bxb5 Rb8 26. Bc4 Nb6 27. Ba2 Na4
28. e6 fxe6 29. Bxe6+ Kh8 30. b3 Nb6 31. f5 Rbe8 32. Rhf3 gxf5 33. Bxf5 Nd5 34.
Bh6 Rf6 35. Bg5 Rff8 36. Bd3 Rxf3 37. Rxf3 Re1+ 38. Rf1 Rxf1+ 39. Bxf1 Kg7 40.
g3 Ne3 41. Bd3 h6 42. Bd8 Kf7 43. h3 Ke6 44. g4 Kd5 45. Bg6 Ke5 46. Bc7+ Kf6
47. Bd3 Kg5 48. Kh2 Nd5 49. Bd6 h5 50. gxh5 Kxh5 51. Kg3 Kg5 52. Kf3 Kh5 53.
Bg3 Ne7 54. Ke4 Nc6 55. Kf5 Na5 56. Bc2 c4 57. b4 Nc6 58. Bd1+ Kh6 59. Bf4+ Kh7
60. Ke4 Bb6 61. b5 Nb4 62. Bd6 Nd3 63. Kd5 Ne1 64. Kxc4 Ng2 65. Kd5 Kg6 66. Kc6
Bf2 67. Bf3 Nh4 68. Be4+ Nf5 69. b6 Kf6 70. Bxf5 Kxf5 71. b7 Ba7 72. Kb5  1-0

[Event "2. Bundesliga West 2019/20"]
[Site "Jenbach"]
[Date "2019.10.05"]
[Round "2"]
[Board "3"]
[White "Bertagnolli, Alexander"]
[Black "Rotstein, Arkadij"]
[Result "1-0"]
[WhiteElo "2346"]
[BlackElo "2469"]
[PlyCount "85"]
[EventDate "2019.10.04"]
[EventType "team"]
[EventRounds "11"]
[EventCountry "AUT"]
[WhiteTeam "Kufstein/Woergl"]
[BlackTeam "Absam"]

1. d4 Nf6 2. Bg5 e6 3. e4 h6 4. Bxf6 Qxf6 5. c3 d6 6. Bd3 e5 7. Ne2 g6 8. O-O
Bg7 9. f4 exd4 10. cxd4 O-O 11. Nbc3 Qd8 12. e5 Nc6 13. Ne4 Bf5 14. Rc1 dxe5
15. dxe5 Nb4 16. Bb1 Qxd1 17. Rfxd1 Rfd8 18. Rd4 Nc6 19. Rxd8+ Rxd8 20. N2g3
Bc8 21. Nf1 h5 22. h4 Bh6 23. Ng5 Bxg5 24. hxg5 Rd4 25. g3 h4 26. Kf2 Be6 27.
Ke3 Rb4 28. b3 Ne7 29. Be4 Bd5 30. Nd2 Bxe4 31. Nxe4 Nd5+ 32. Kf3 hxg3 33. Nf6+
Nxf6 34. gxf6 c6 35. Rd1 g2 36. Kxg2 Rxf4 37. Rd8+ Kh7 38. Rf8 g5 39. Rxf7+ Kg6
40. Re7 Re4 41. Rg7+ Kf5 42. Re7 Rg4+ 43. Kh3  1-0

[Event "2. Bundesliga West 2019/20"]
[Site "Jenbach"]
[Date "2019.10.05"]
[Round "2"]
[Board "4"]
[White "Wegerle, Joerg"]
[Black "Koepke, Elena"]
[Result "1-0"]
[WhiteElo "2395"]
[BlackElo "2323"]
[PlyCount "123"]
[EventDate "2019.10.04"]
[EventType "team"]
[EventRounds "11"]
[EventCountry "AUT"]
[WhiteTeam "Absam"]
[BlackTeam "Kufstein/Woergl"]

1. c4 e5 2. g3 Nf6 3. Bg2 c6 4. d4 e4 5. Nc3 d5 6. Bg5 Nbd7 7. cxd5 cxd5 8. Qb3
Bd6 9. Nh3 h6 10. Nb5 Bb8 11. Bf4 O-O 12. Rc1 Qa5+ 13. Bd2 Qb6 14. O-O a6 15.
Nc3 Qxb3 16. axb3 Nb6 17. f3 exf3 18. exf3 Bf5 19. Rfe1 Ba7 20. g4 Bh7 21. Nf4
Rfe8 22. h4 Rxe1+ 23. Bxe1 Rd8 24. Bf2 Bb8 25. Be3 Kf8 26. Kf2 Ne8 27. Bf1 Nc7
28. Bd3 Bxd3 29. Nxd3 Ne6 30. f4 g5 31. f5 Nc7 32. hxg5 hxg5 33. Bxg5 Rc8 34.
Bf6 Ne8 35. Be5 f6 36. Bxb8 Rxb8 37. Nf4 Kf7 38. Kf3 Nc7 39. Na4 Nba8 40. Rh1
Nb5 41. Ne6 Kg8 42. Rh6 Nac7 43. Rg6+ Kh8 44. Nxc7 Nxc7 45. Rxf6 Nb5 46. Ke3
Kg7 47. Rg6+ Kf7 48. Nc5 Rh8 49. Ne6 Rh1 50. Kf4 Re1 51. Kg5 Nd6 52. Rg7+ Ke8
53. Kg6 Re3 54. g5 Re2 55. Rh7 Re3 56. Nc7+ Kd8 57. f6 Rxb3 58. Ne6+ Kc8 59.
Rc7+ Kb8 60. Rd7 Rb6 61. Rxd6 Rxd6 62. Kf5  1-0

[Event "2. Bundesliga West 2019/20"]
[Site "Jenbach"]
[Date "2019.10.05"]
[Round "2"]
[Board "5"]
[White "Neuschmied, Siegfried"]
[Black "Deglmann, Ludwig"]
[Result "1/2-1/2"]
[WhiteElo "2268"]
[BlackElo "2258"]
[PlyCount "47"]
[EventDate "2019.10.04"]
[EventType "team"]
[EventRounds "11"]
[EventCountry "AUT"]
[WhiteTeam "Kufstein/Woergl"]
[BlackTeam "Absam"]

1. e4 e6 2. d4 d5 3. Bd3 dxe4 4. Bxe4 Nf6 5. Bf3 c5 6. Ne2 Nc6 7.
Be3 cxd4 8. Nxd4 Ne5 9. O-O Be7 10. Nc3 O-O 11. Qe2 Nxf3+ 12. Qxf3 a6 13. Rad1
Qc7 14. Rfe1 Rd8 15. Bf4 Qc5 16. Be5 Nd7 17. Bg3 Nf6 18. Nb3 Qb6 19. Rxd8+ Bxd8
20. Be5 Bd7 21. Bd4 Qc7 22. Be5 Qb6 23. Bd4 Qc7 24. Be5  1/2-1/2

[Event "2. Bundesliga West 2019/20"]
[Site "Jenbach"]
[Date "2019.10.05"]
[Round "2"]
[Board "6"]
[White "De Francesco, Klaus"]
[Black "Dehlinger, Alexander"]
[Result "1/2-1/2"]
[WhiteElo "2276"]
[BlackElo "2287"]
[PlyCount "62"]
[EventDate "2019.10.04"]
[EventType "team"]
[EventRounds "11"]
[EventCountry "AUT"]
[WhiteTeam "Absam"]
[BlackTeam "Kufstein/Woergl"]

1. e4 c5 2. d3 Nc6 3. f4 g6 4. Nf3 Bg7 5. Be2 d6 6. O-O Nf6 7. c3 O-O 8. Na3
Rb8 9. Nc2 b5 10. Qe1 b4 11. c4 b3 12. Ne3 bxa2 13. Rxa2 Nd7 14. Kh1 a5 15. Qh4
e6 16. Qh3 Nd4 17. Bd1 Nb3 18. Bxb3 Rxb3 19. Rd1 Nb8 20. f5 exf5 21. exf5 Nc6
22. Ng4 Bxf5 23. Nh6+ Bxh6 24. Qxh6 f6 25. Nh4 Nd4 26. Ra3 Rxa3 27. bxa3 Qe7
28. Be3 Re8 29. Bxd4 cxd4 30. h3 Bd7 31. Nf3 Qe3  1/2-1/2

[Event "2. Bundesliga West 2019/20"]
[Site "Wolfurt"]
[Date "2019.10.05"]
[Round "2"]
[Board "1"]
[White "Breder, Dennis"]
[Black "Bilchinski, Anton"]
[Result "1-0"]
[WhiteElo "2464"]
[BlackElo "2237"]
[PlyCount "105"]
[EventDate "2019.10.04"]
[EventType "team"]
[EventRounds "11"]
[EventCountry "AUT"]
[WhiteTeam "Hohenems II"]
[BlackTeam "Pradl"]

1. d4 Nf6 2. Nf3 e6 3. e3 c5 4. Bd3 Nc6 5. c3 Qc7 6. O-O d5 7. Nbd2 Be7 8. dxc5
Bxc5 9. b4 Be7 10. Bb2 O-O 11. Qc2 h6 12. a3 e5 13. e4 dxe4 14. Nxe4 Be6 15. c4
Nd7 16. Nc3 Rac8 17. Rfe1 Bf6 18. Rad1 Qb8 19. Ne4 Be7 20. Ng3 Rfd8 21. Bh7+
Kh8 22. Bf5 Bf6 23. Bxe6 fxe6 24. Nh5 Ne7 25. Qe4 Qc7 26. c5 Qc6 27. g4 Qxe4
28. Rxe4 Nc6 29. Rd6 Nf8 30. Rxd8 Rxd8 31. Bxe5 Nxe5 32. Nxe5 Rd1+ 33. Kg2 Bxe5
34. Rxe5 Kg8 35. Re3 Kf7 36. Rf3+ Kg8 37. Nf4 e5 38. Rd3 Ra1 39. Nd5 Ne6 40.
Re3 Kf7 41. Rxe5 Rxa3 42. f4 Rd3 43. Kf2 a5 44. bxa5 Ra3 45. c6 bxc6 46. Nb4
Nd4 47. Rc5 Ra4 48. Nd3 Nb3 49. Rxc6 Rxa5 50. Ne5+ Kg8 51. h4 Nd4 52. Rc8+ Kh7
53. h5  1-0

[Event "2. Bundesliga West 2019/20"]
[Site "Wolfurt"]
[Date "2019.10.05"]
[Round "2"]
[Board "2"]
[White "Eybl, Alexander"]
[Black "Berchtenbreiter, Maximilian"]
[Result "1/2-1/2"]
[WhiteElo "2288"]
[BlackElo "2467"]
[PlyCount "111"]
[EventDate "2019.10.04"]
[EventType "team"]
[EventRounds "11"]
[EventCountry "AUT"]
[WhiteTeam "Pradl"]
[BlackTeam "Hohenems II"]

1. d4 Nf6 2. Nf3 c5 3. e3 g6 4. b3 Bg7 5. Bb2 O-O 6. dxc5 Qa5+ 7. c3 Re8 8. b4
Qc7 9. Nbd2 b6 10. cxb6 axb6 11. c4 Bb7 12. Be2 d5 13. Qb3 e5 14. O-O Nbd7 15.
cxd5 Bxd5 16. Bc4 Bxc4 17. Qxc4 Qb7 18. e4 b5 19. Qb3 Bh6 20. Rfe1 Ra6 21. Qd3
Bf8 22. a3 Rd6 23. Qe2 Nh5 24. g3 f5 25. a4 bxa4 26. Qc4+ Kg7 27. Rxa4 f4 28.
Nxe5 Nxe5 29. Nf3 Rc6 30. Bxe5+ Kh6 31. Qd5 Qc8 32. Bxf4+ Nxf4 33. Qg5+ Kg7 34.
Qxf4 Re7 35. Kg2 Rf6 36. Qd2 Qc6 37. Ra3 Rxe4 38. Rxe4 Qxe4 39. Qd7+ Rf7 40.
Qd4+ Qxd4 41. Nxd4 Bxb4 42. Ra6 Rd7 43. Ne6+ Kf7 44. Ng5+ Kg7 45. h4 Be7 46.
Rc6 Bxg5 47. hxg5 h6 48. gxh6+ Kxh6 49. f4 Ra7 50. f5 Kg5 51. fxg6 Rg7 52. Kf3
Rg8 53. Ke4 Rxg6 54. Rxg6+ Kxg6 55. Kf4 Kf6 56. g4  1/2-1/2

[Event "2. Bundesliga West 2019/20"]
[Site "Wolfurt"]
[Date "2019.10.05"]
[Round "2"]
[Board "3"]
[White "Atlas, Dmitry"]
[Black "Bezler, Rainer"]
[Result "1/2-1/2"]
[WhiteElo "2221"]
[BlackElo "2222"]
[PlyCount "82"]
[EventDate "2019.10.04"]
[EventType "team"]
[EventRounds "11"]
[EventCountry "AUT"]
[WhiteTeam "Hohenems II"]
[BlackTeam "Pradl"]

1. e4 c5 2. c3 d5 3. exd5 Nf6 4. d4 Nxd5 5. Nf3 e6 6. g3 cxd4 7. Nxd4 Be7 8.
Bg2 O-O 9. O-O Qb6 10. Qe2 Rd8 11. Rd1 Bf6 12. h4 Nc6 13. Nxc6 bxc6 14. Bg5 Ba6
15. Qc2 Bxg5 16. hxg5 Rab8 17. Na3 Qc5 18. Rd4 Qe7 19. Ra4 Rb6 20. Nc4 Bxc4 21.
Rxc4 Qxg5 22. Rd1 g6 23. b4 Qe7 24. Rc5 h5 25. Rd4 e5 26. Bxd5 cxd5 27. Rdxd5
Rxd5 28. Rxd5 h4 29. g4 Qg5 30. Qe4 Rf6 31. Rxe5 Qc1+ 32. Qe1 Qc2 33. Re3 Rf4
34. Re8+ Kh7 35. Rh8+ Kxh8 36. Qe5+ Kg8 37. Qxf4 Qxc3 38. g5 h3 39. Kh2 a6 40.
a4 Qc6 41. Kxh3 Qxa4  1/2-1/2

[Event "2. Bundesliga West 2019/20"]
[Site "Wolfurt"]
[Date "2019.10.05"]
[Round "2"]
[Board "4"]
[White "Meier, Alexander"]
[Black "Hofer, Emilian"]
[Result "1-0"]
[WhiteElo "2206"]
[BlackElo "2192"]
[PlyCount "105"]
[EventDate "2019.10.04"]
[EventType "team"]
[EventRounds "11"]
[EventCountry "AUT"]
[WhiteTeam "Pradl"]
[BlackTeam "Hohenems II"]

1. e4 e5 2. Nf3 Nc6 3. d4 exd4 4. Nxd4 Nf6 5. Nxc6 bxc6 6. e5 Qe7 7. Qe2 Nd5 8.
c4 Nb6 9. b3 g6 10. Bb2 Bg7 11. f4 O-O 12. Nd2 d5 13. cxd5 cxd5 14. Rc1 Re8 15.
Qe3 f6 16. Bb5 Bd7 17. Rxc7 fxe5 18. Bxd7 Nxd7 19. fxe5 Bxe5 20. Bxe5 Qxe5 21.
Qxe5 Nxe5 22. O-O Red8 23. Nf3 Rd7 24. Rxd7 Nxd7 25. Rc1 a5 26. Rc7 Nf6 27. Kf2
a4 28. b4 a3 29. b5 Rb8 30. Nd4 Ne4+ 31. Ke3 Nd6 32. Rc5 Nc4+ 33. Kd3 Nb6 34.
Rc6 Kg7 35. Kc3 Kf7 36. Kb4 Ke7 37. Kxa3 Kd7 38. Kb4 Nc8 39. a4 Ne7 40. Rf6 Rc8
41. Nc6 Nxc6+ 42. Rxc6 Rf8 43. Rc2 Kd6 44. b6 d4 45. a5 Kd5 46. b7 Rf1 47. Rb2
Rf8 48. Kb5 d3 49. a6 Re8 50. a7 Re2 51. Rb1 d2 52. b8=Q Re1 53. a8=Q+  1-0

[Event "2. Bundesliga West 2019/20"]
[Site "Wolfurt"]
[Date "2019.10.05"]
[Round "2"]
[Board "5"]
[White "Uhlmann, David"]
[Black "Matt, Stefan"]
[Result "1/2-1/2"]
[WhiteElo "2139"]
[BlackElo "2189"]
[PlyCount "60"]
[EventDate "2019.10.04"]
[EventType "team"]
[EventRounds "11"]
[EventCountry "AUT"]
[WhiteTeam "Hohenems II"]
[BlackTeam "Pradl"]

1. d4 Nf6 2. c4 g6 3. Nc3 d5 4. Bg5 Bg7 5. Nf3 Ne4 6. Bf4 Nxc3 7. bxc3 c6 8. e3
Qa5 9. Qb3 O-O 10. Bd3 Nd7 11. cxd5 cxd5 12. O-O Nf6 13. Rfc1 Ne4 14. c4 dxc4
15. Bxc4 Nd6 16. Bd5 h6 17. Rc5 Qa6 18. Rac1 e6 19. Bc4 Nxc4 20. Qxc4 Qxc4 21.
R5xc4 Bd7 22. Ne5 Bxe5 23. Bxe5 Rac8 24. a3 Rxc4 25. Rxc4 Rc8 26. Rxc8+ Bxc8
27. Bb8 a6 28. Kf1 Bd7 29. Bc7 f5 30. Ke2 Bb5+  1/2-1/2

[Event "2. Bundesliga West 2019/20"]
[Site "Wolfurt"]
[Date "2019.10.05"]
[Round "2"]
[Board "6"]
[White "Nussbaumer, Leon"]
[Black "Kienboeck, Benjamin"]
[Result "0-1"]
[WhiteElo "1975"]
[BlackElo "1968"]
[PlyCount "100"]
[EventDate "2019.10.04"]
[EventType "team"]
[EventRounds "11"]
[EventCountry "AUT"]
[WhiteTeam "Pradl"]
[BlackTeam "Hohenems II"]

1. e4 c5 2. Nf3 d6 3. d4 cxd4 4. Nxd4 Nf6 5. Nc3 a6 6. Bg5 e6 7. f4 Qb6 8. Qd2
Nc6 9. O-O-O Qxd4 10. Qxd4 Nxd4 11. Rxd4 h6 12. Bh4 Be7 13. e5 dxe5 14. fxe5
Nd7 15. Bg3 O-O 16. Bc4 Nb6 17. Bb3 Bd7 18. Rhd1 Bc6 19. Bf2 Bc5 20. R4d2 Bxf2
21. Rxf2 Rfd8 22. Rfd2 Rxd2 23. Rxd2 Kf8 24. g3 Ke7 25. Re2 Rd8 26. Ne4 Nd7 27.
Nf2 Nc5 28. Rd2 Rxd2 29. Kxd2 Nd7 30. Nd3 Be4 31. Nf2 Bf5 32. c3 Nxe5 33. Bd1
Nc4+ 34. Kc1 e5 35. Bf3 Nd6 36. b3 Be6 37. Kd2 f5 38. h4 g5 39. hxg5 hxg5 40.
Bg2 Kf6 41. c4 b6 42. a3 a5 43. a4 f4 44. gxf4 exf4 45. Bf3 Bf5 46. Kc3 Ke5 47.
b4 Ne4+ 48. Bxe4 Bxe4 49. bxa5 bxa5 50. c5 Bc6  0-1

[Event "2. Bundesliga West 2019/20"]
[Site "Wolfurt"]
[Date "2019.10.05"]
[Round "2"]
[Board "1"]
[White "Hoefelsauer, Thomas"]
[Black "Srienz, Christian"]
[Result "1-0"]
[WhiteElo "2365"]
[BlackElo "2177"]
[PlyCount "95"]
[EventDate "2019.10.04"]
[EventType "team"]
[EventRounds "11"]
[EventCountry "AUT"]
[WhiteTeam "Wolfurt"]
[BlackTeam "SK Hoerbranz"]

1. Nf3 Nf6 2. c4 e6 3. d4 d5 4. g3 Be7 5. Bg2 O-O 6. O-O dxc4 7. Ne5 Nc6 8.
Bxc6 bxc6 9. Nxc6 Qe8 10. Nxe7+ Qxe7 11. Na3 Rd8 12. Qc2 c5 13. dxc5 Qxc5 14.
Nxc4 Ba6 15. b3 Bxc4 16. Be3 Qh5 17. bxc4 Ng4 18. h4 Nxe3 19. fxe3 Qe5 20. Kf2
Qf6+ 21. Kg2 Qe5 22. Rfd1 Qxe3 23. c5 Rdc8 24. c6 f5 25. Qc4 Rc7 26. Rd6 Kf7
27. Rad1 Rac8 28. Rd7+ Kf6 29. R1d6 Qe4+ 30. Qxe4 fxe4 31. Kf2 a6 32. Rxc7 Rxc7
33. Ke3 Ke5 34. Rd7 Rxc6 35. Rxg7 Rc3+ 36. Kf2 Ra3 37. Rxh7 Rxa2 38. Rf7 a5 39.
h5 Ra1 40. h6 Rh1 41. h7 a4 42. Kg2 Rh6 43. g4 a3 44. g5 Rh5 45. g6 a2 46. Rf1
Rh6 47. g7 Rg6+ 48. Kh3  1-0

[Event "2. Bundesliga West 2019/20"]
[Site "Wolfurt"]
[Date "2019.10.05"]
[Round "2"]
[Board "2"]
[White "Schmidlechner, Alexander"]
[Black "Neuberger, Guido"]
[Result "1/2-1/2"]
[WhiteElo "2152"]
[BlackElo "2246"]
[PlyCount "84"]
[EventDate "2019.10.04"]
[EventType "team"]
[EventRounds "11"]
[EventCountry "AUT"]
[WhiteTeam "SK Hoerbranz"]
[BlackTeam "Wolfurt"]

1. d4 d5 2. c4 Bf5 3. Nc3 e6 4. Nf3 c6 5. Qb3 Qb6 6. c5 Qxb3 7. axb3 Nd7 8. b4
a6 9. Bf4 Rc8 10. e3 Ngf6 11. h3 Be7 12. Be2 O-O 13. Nd2 Bd8 14. Nb3 Bc7 15.
Bxc7 Rxc7 16. f4 Ne4 17. Nxe4 Bxe4 18. O-O h6 19. Kh2 g6 20. Nd2 Nf6 21. g4 Kg7
22. h4 Rh8 23. Kg3 h5 24. g5 Ng8 25. Nxe4 dxe4 26. Bd1 f5 27. Bb3 Kf7 28. Rfc1
Ne7 29. Bc4 Nd5 30. Bxd5 exd5 31. Ra5 Ke6 32. Rc3 Rb8 33. Rc2 Kd7 34. Kf2 Ra8
35. Ke2 Rcc8 36. Kd2 Rcb8 37. Rc3 Rc8 38. Rca3 Rab8 39. Kc3 Kc7 40. Ra1 Rg8 41.
R1a3 Rgc8 42. Ra1 Kd7  1/2-1/2

[Event "2. Bundesliga West 2019/20"]
[Site "Wolfurt"]
[Date "2019.10.05"]
[Round "2"]
[Board "3"]
[White "Donev, Ivo"]
[Black "Engelhart, Achim"]
[Result "1/2-1/2"]
[WhiteElo "2319"]
[BlackElo "2055"]
[PlyCount "72"]
[EventDate "2019.10.04"]
[EventType "team"]
[EventRounds "11"]
[EventCountry "AUT"]
[WhiteTeam "Wolfurt"]
[BlackTeam "SK Hoerbranz"]

1. e4 e6 2. d4 d5 3. Nd2 Nc6 4. Ngf3 Nf6 5. e5 Nd7 6. c3 f6 7. Bb5 fxe5 8. dxe5
Be7 9. O-O O-O 10. Re1 a5 11. Nb3 Nc5 12. Be3 Ne4 13. Bxc6 bxc6 14. Nfd4 Bd7
15. f3 Ng5 16. Bxg5 Bxg5 17. Nc5 Qe7 18. b4 axb4 19. cxb4 Ra3 20. g3 Be3+ 21.
Rxe3 Rxe3 22. a4 Rc3 23. Rc1 Rxc1 24. Qxc1 Rb8 25. Qc3 h6 26. a5 Qe8 27. a6 Ra8
28. Kg2 Ra7 29. Qd3 Bc8 30. f4 Bd7 31. Qe2 Bc8 32. Qd3 Bd7 33. Qe3 Bc8 34. Qe2
Bd7 35. Qd3 Bc8 36. Qe2 Bd7  1/2-1/2

[Event "2. Bundesliga West 2019/20"]
[Site "Wolfurt"]
[Date "2019.10.05"]
[Round "2"]
[Board "4"]
[White "Mittelberger, Peter"]
[Black "Janko, Ladislav"]
[Result "0-1"]
[WhiteElo "2174"]
[BlackElo "2184"]
[PlyCount "97"]
[EventDate "2019.10.04"]
[EventType "team"]
[EventRounds "11"]
[EventCountry "AUT"]
[WhiteTeam "SK Hoerbranz"]
[BlackTeam "Wolfurt"]

1. c4 g6 2. Nc3 Bg7 3. g3 d6 4. Bg2 c5 5. e3 Nf6 6. Nge2 O-O 7. O-O Nbd7 8. a3
Rb8 9. b4 b6 10. d3 Bb7 11. e4 Ne8 12. Bb2 Nc7 13. Qd2 e5 14. f4 exf4 15. Nxf4
Qg5 16. Rad1 h5 17. Nh3 Qxd2 18. Rxd2 Bd4+ 19. Nf2 Ne5 20. Ncd1 Ne6 21. Kh1 Kg7
22. Bxd4 cxd4 23. Nh3 a5 24. b5 Nc5 25. Nb2 Ng4 26. Nd1 Ne3 27. Nxe3 dxe3 28.
Re2 Nxd3 29. Rxe3 Ne5 30. Rc3 Rbc8 31. Rd1 Nxc4 32. Rd4 Ne5 33. Rxc8 Rxc8 34.
Rxd6 Rc1+ 35. Ng1 Nc4 36. Rd3 Rc2 37. Bf3 Ne5 38. Re3 Bc8 39. Bd1 Rc1 40. Be2
Bh3 41. Bf3 a4 42. Bg2 Bd7 43. Re2 Bxb5 44. Rb2 Nd3 45. Rd2 Rd1 46. Re2 Rc1 47.
Rd2 Bc4 48. h3 b5 49. Kh2  0-1

[Event "2. Bundesliga West 2019/20"]
[Site "Wolfurt"]
[Date "2019.10.05"]
[Round "2"]
[Board "5"]
[White "Bischofberger, Dario"]
[Black "Kinkel, Janis"]
[Result "1/2-1/2"]
[WhiteElo "2152"]
[BlackElo "2045"]
[PlyCount "119"]
[EventDate "2019.10.04"]
[EventType "team"]
[EventRounds "11"]
[EventCountry "AUT"]
[WhiteTeam "Wolfurt"]
[BlackTeam "SK Hoerbranz"]

1. d4 d5 2. c4 e6 3. Nf3 Nf6 4. g3 dxc4 5. Bg2 Bd7 6. Ne5 Bc6 7. Nxc6 Nxc6 8.
O-O Qd7 9. e3 Rd8 10. Qe2 e5 11. Qxc4 exd4 12. Qb5 Rb8 13. Bxc6 Qxc6 14. Qxc6+
bxc6 15. exd4 c5 16. Re1+ Kd7 17. Be3 Nd5 18. Re2 Nxe3 19. fxe3 cxd4 20. exd4
Rb4 21. Rd2 Be7 22. a3 Rb3 23. Nc3 Bg5 24. Re2 Rhb8 25. Na4 Kd6 26. Kf2 Bf6 27.
Rd1 c6 28. Rc2 R3b7 29. Rc3 Re7 30. Re3 Rxe3 31. Kxe3 Kd5 32. Nc3+ Kc4 33. Ne4
Rb3+ 34. Kf4 Rxb2 35. Rc1+ Kxd4 36. Rd1+ Kc4 37. Rc1+ Kb3 38. Rxc6 Rxh2 39. Rc7
a5 40. Rxf7 Kxa3 41. Nxf6 gxf6 42. Ke3 a4 43. Rxf6 Ka2 44. Rf7 a3 45. Kd3 Kb1
46. Rb7+ Kc1 47. Rc7+ Kd1 48. Rf7 Re2 49. Rxh7 a2 50. Ra7 Rg2 51. Ke4 Kc1 52.
Kf5 Kb1 53. g4 a1=Q 54. Rxa1+ Kxa1 55. g5 Kb2 56. g6 Kc3 57. Kf6 Rf2+ 58. Ke6
Rg2 59. Kf7 Kd4 60. g7  1/2-1/2

[Event "2. Bundesliga West 2019/20"]
[Site "Wolfurt"]
[Date "2019.10.05"]
[Round "2"]
[Board "6"]
[White "Lassahn, Holger"]
[Black "Notegger, Peter"]
[Result "1/2-1/2"]
[WhiteElo "1944"]
[BlackElo "1931"]
[PlyCount "89"]
[EventDate "2019.10.04"]
[EventType "team"]
[EventRounds "11"]
[EventCountry "AUT"]
[WhiteTeam "SK Hoerbranz"]
[BlackTeam "Wolfurt"]

1. e4 d5 2. exd5 Qxd5 3. Nc3 Qd6 4. d4 Nf6 5. Nf3 a6 6. h3 g6 7. Be3 Bg7 8. Qd2
b5 9. a3 Bb7 10. Be2 e6 11. O-O O-O 12. Rad1 Nbd7 13. Rfe1 Rac8 14. Bh6 Rfd8
15. Bxg7 Kxg7 16. Qe3 Qb6 17. Ne5 c5 18. Nxd7 Nxd7 19. dxc5 Qxc5 20. Qxc5 Nxc5
21. Rxd8 Rxd8 22. Rd1 Rxd1+ 23. Bxd1 f5 24. f4 Kf6 25. Kf2 e5 26. fxe5+ Kxe5
27. Bf3 Bxf3 28. Kxf3 Ne6 29. Ke3 g5 30. Ne2 h5 31. b3 f4+ 32. Kd3 g4 33. hxg4
hxg4 34. c4 Nc5+ 35. Kc3 f3 36. gxf3 gxf3 37. Ng1 f2 38. Nf3+ Kf4 39. Nh2 Ke4
40. cxb5 axb5 41. a4 bxa4 42. bxa4 Nxa4+ 43. Kd2 Kf4 44. Ke2 Kg3 45. Kf1
 1/2-1/2

[Event "2. Bundesliga West 2019/20"]
[Site "Neumarkt"]
[Date "2019.10.05"]
[Round "2"]
[Board "2"]
[White "Egger, Martin"]
[Black "De Visser, Leon"]
[Result "0-1"]
[WhiteElo "2007"]
[BlackElo "2224"]
[PlyCount "112"]
[EventDate "2019.10.04"]
[EventType "team"]
[EventRounds "11"]
[EventCountry "AUT"]
[WhiteTeam "Sparkasse Neumarkt"]
[BlackTeam "Royal Salzburg"]

1. e4 c6 2. d4 d5 3. exd5 cxd5 4. Bd3 Nc6 5. c3 Qc7 6. h3 Nf6 7. Nf3 g6 8. O-O
Bg7 9. Re1 O-O 10. Bg5 Nh5 11. Qd2 f6 12. Be3 e5 13. Bf1 e4 14. Nh2 f5 15. Bh6
e3 16. Qxe3 f4 17. Qf3 Bxh6 18. Qxd5+ Kh8 19. Nd2 Bf5 20. Nhf3 Nf6 21. Qc5 Rad8
22. Bc4 b6 23. Qb5 Bd7 24. Qa6 Bc8 25. Qa4 Bb7 26. Ba6 Ba8 27. Nc4 Nd5 28. Nce5
Nxe5 29. Rxe5 Nf6 30. Rae1 Bxf3 31. gxf3 Rf7 32. Bc4 Rg7 33. Be6 Re7 34. Qb4
Bf8 35. Qa4 Rde8 36. Kg2 Qd6 37. Qc4 Nh5 38. Bf7 Rxe5 39. dxe5 Rxe5 40. Rxe5
Qxe5 41. Qc8 Qg5+ 42. Kf1 Kg7 43. Bb3 Bc5 44. Qd7+ Qe7 45. Qd2 Qd6 46. Qe2 Kh6
47. Be6 Qe7 48. Qc4 Ng7 49. Bg4 Qe5 50. a4 Nf5 51. b4 Be7 52. Qd3 Bf6 53. Bxf5
Qxf5 54. Qxf5 gxf5 55. c4 Bc3 56. b5 Bd4  0-1

[Event "2. Bundesliga West 2019/20"]
[Site "Neumarkt"]
[Date "2019.10.05"]
[Round "2"]
[Board "3"]
[White "Durakovic, Alman"]
[Black "Donegani, Peter"]
[Result "1-0"]
[WhiteElo "2292"]
[BlackElo "2082"]
[PlyCount "59"]
[EventDate "2019.10.04"]
[EventType "team"]
[EventRounds "11"]
[EventCountry "AUT"]
[WhiteTeam "Royal Salzburg"]
[BlackTeam "Sparkasse Neumarkt"]

1. d4 Nf6 2. c4 g6 3. f3 d5 4. cxd5 Nxd5 5. e4 Nb6 6. Be3 Bg7 7. Nc3 O-O 8. f4
Nc6 9. d5 Na5 10. Bd4 c5 11. Bxc5 Bxc3+ 12. bxc3 Qc7 13. Qd4 Rd8 14. Qb4 Nxd5
15. exd5 Rxd5 16. Be3 Nc6 17. Qe4 Rd6 18. Kf2 Bf5 19. Qc4 Be6 20. Qa4 Bd7 21.
Qa3 e5 22. Nf3 Rf6 23. Bb5 exf4 24. Bc5 Ne5 25. Nxe5 Bxb5 26. Bd4 Re6 27. Rhe1
Rae8 28. Ng4 Re2+ 29. Rxe2 Rxe2+ 30. Kg1  1-0

[Event "2. Bundesliga West 2019/20"]
[Site "Neumarkt"]
[Date "2019.10.05"]
[Round "2"]
[Board "4"]
[White "Baier, Patrick"]
[Black "Pflug, Mathias"]
[Result "1/2-1/2"]
[WhiteElo "2021"]
[BlackElo "2285"]
[PlyCount "142"]
[EventDate "2019.10.04"]
[EventType "team"]
[EventRounds "11"]
[EventCountry "AUT"]
[WhiteTeam "Sparkasse Neumarkt"]
[BlackTeam "Royal Salzburg"]

1. e4 c5 2. Nf3 d6 3. d4 cxd4 4. Nxd4 Nf6 5. Nc3 a6 6. Bg5 e6 7. f4 Be7 8. Qf3
Nbd7 9. O-O-O Qc7 10. g4 b5 11. a3 Rb8 12. f5 Ne5 13. Qe2 b4 14. axb4 Rxb4 15.
fxe6 fxe6 16. Bxf6 Bxf6 17. Nb3 Nc4 18. Qe1 Na3 19. h4 Be5 20. Rh3 Bf4+ 21. Nd2
Qa5 22. b3 Nb5 23. Bxb5+ axb5 24. Kb2 Rd4 25. Rd3 Rxd3 26. cxd3 Be5 27. d4 Bxd4
28. Nf3 Bc5 29. Nd4 O-O 30. Ndxb5 Bd7 31. Nd4 Rb8 32. Nc2 Qb6 33. Na1 Qb4 34.
Qd2 Bc6 35. Qd3 Kh8 36. Rd2 Rd8 37. Nc2 Qa5 38. Qc4 Bd7 39. b4 Rb8 40. Kb3 Qb6
41. Na4 Qa7 42. Nc3 Qb7 43. g5 Rc8 44. Qd3 Be8 45. Na4 Bf7 46. Nxc5 dxc5 47.
Qd7 e5+ 48. Kb2 Qxd7 49. Rxd7 Bg6 50. bxc5 Bxe4 51. Nb4 Kg8 52. Na6 Bc6 53. Rc7
Rxc7 54. Nxc7 Kf7 55. Kc3 Kg6 56. Ne6 Bd5 57. Nd8 Kh5 58. c6 Bxc6 59. Nxc6 Kxh4
60. Nxe5 Kxg5 61. Kd2 Kf4 62. Nd3+ Kf3 63. Ke1 g5 64. Kf1 h5 65. Ne5+ Kg3 66.
Kg1 g4 67. Ng6 Kf3 68. Nh4+ Kg3 69. Ng6 Kh3 70. Nf4+ Kh4 71. Kg2 Kg5  1/2-1/2

[Event "2. Bundesliga West 2019/20"]
[Site "Neumarkt"]
[Date "2019.10.05"]
[Round "2"]
[Board "5"]
[White "Leeb, Simon"]
[Black "Bruckner, Simon"]
[Result "1-0"]
[WhiteElo "2203"]
[BlackElo "1858"]
[PlyCount "89"]
[EventDate "2019.10.04"]
[EventType "team"]
[EventRounds "11"]
[EventCountry "AUT"]
[WhiteTeam "Royal Salzburg"]
[BlackTeam "Sparkasse Neumarkt"]

1. d4 d5 2. c4 e6 3. Nc3 c6 4. Nf3 dxc4 5. a4 Bb4 6. e4 b5 7. Bg5 f6 8. Bd2
Bxc3 9. Bxc3 Bb7 10. b3 cxb3 11. Qxb3 a6 12. Bb4 Qd7 13. Bd3 Ne7 14. Bc5 O-O
15. O-O Re8 16. Nh4 Ng6 17. Nf5 Nf4 18. Nd6 Nxd3 19. Qxd3 Rd8 20. e5 fxe5 21.
dxe5 Qc7 22. Qb3 Qe7 23. Rac1 Rxd6 24. Bxd6 Qf7 25. axb5 axb5 26. Ra1 Na6 27.
f4 Qf5 28. Qb1 Qg4 29. h3 Qg3 30. Ra3 Qh4 31. Qa2 b4 32. Qxe6+ Kh8 33. Bxb4 Rc8
34. Be7 Qh5 35. Qd7 Rb8 36. Bd6 Qe8 37. Qxe8+ Rxe8 38. Rb1 Bc8 39. Rb6 Kg8 40.
Raxa6 Bxa6 41. Rxa6 Rc8 42. Bc5 Kf7 43. f5 g6 44. Ra7+ Kg8 45. f6  1-0